| 000 | 00538cam a2200193ua 4500 | ||
|---|---|---|---|
| 001 | 6799 | ||
| 005 | 20260515114115.0 | ||
| 008 | 140311n ii |||gr||||Z||||||eng | ||
| 020 | _a0-07-060482-7 | ||
| 040 | _cMAIN | ||
| 082 | _a515 | ||
| 245 |
_aTheory and problems of tensor calculus _cBy David C. Kay |
||
| 260 |
_aNew delhi: _bTata McGraw-hill publishing company limited, _c2005. |
||
| 300 | _ax,223p. | ||
| 653 | _aAnalysis | ||
| 653 | _aTheory and problems of tensor calculus | ||
| 700 |
_aKay,David C., _eAuthor. |
||
| 942 | _cBK | ||
| 999 |
_c5942 _d5942 |
||